00325nam a2200121Ia 4500008004100000041000800041082001400049100002200063245004500085260002800130300003300158365001200191240624s9999 xx 000 0 und d aeng a332.1 ROS aROSENFELD JAMES D aSELECTED WORKS OF GEORGE J BENSTON ACCOU c2010aNew DelhibOxford axviii, : 426 : p. : cm. ; 23 cBPSb38